Practice Translating In English For Tourism 2 Dịch 2 (ADL)

Guardado en:
Detalles Bibliográficos
Autor principal: Lê Văn Bá
Formato: Libro
Lenguaje:Vietnamese
Materias:
Etiquetas: Agregar Etiqueta
Sin Etiquetas, Sea el primero en etiquetar este registro!
Thư viện lưu trữ: Mạng thư viện Đại học Đà Nẵng
LEADER 01090cam a22003131a 4500
001 000036054
003 12346
005 20160323000000.0
008 160323s0 000 vie
041 |a vie 
082 |a 428.6  |b LÊ-B  |2 Dịch 2 (ADL) 
100 |a Lê Văn Bá 
245 |a Practice Translating In English For Tourism 2  |c Lê Văn Bá  |n Dịch 2 (ADL) 
300 |a 37tr . : mh ; 30cm 
650 |a Practice Translating In English For Tourism 2,Practice Translating, Tiếng Anh du lịch 2 
852 |b Chuyên đề  |c Giáo trình 
OWN |a LNN 
AVA |a UDN50  |b LNN  |d 428.6 LÊ-B  |e available  |t Error 5001 Not defined in file expand_doc_bib_avail.  |f 1  |g 0  |h N  |i 0  |k 1 
999 |a From the UDN01 
AVA |a UDN50  |b LNN  |d 428.6 LÊ-B  |e available  |t Error 5001 Not defined in file expand_doc_bib_avail.  |f 1  |g 0  |h N  |i 0  |k 1 
TYP |a Monograph 
TYP |a Printed language 
980 |a Mạng thư viện Đại học Đà Nẵng